MARC

LEADER 00000nam0a2200000 4500
001 323578
005 20231102003602.0
035 |a (RuTPU)RU\TPU\book\349165 
035 |a RU\TPU\book\73455 
090 |a 323578 
100 |a 20161024d1956 m y0rusy50 ca 
101 0 |a rus 
102 |a RU 
105 |a a j 001zy 
200 1 |a Физические свойства металлов и сплавов  |e учебник для вузов  |f Б. Г. Лившиц 
210 |a Москва  |c Машгиз  |d 1956 
215 |a 352 с.  |c ил. 
320 |a Библиогр.: с. 342-350 (392 назв) 
606 1 |a Металлы  |x Физика  |x Физические свойства  |2 stltpush  |3 (RuTPU)RU\TPU\subj\43232  |9 62782 
610 1 |a сплавы 
610 1 |a теплоемкость 
610 1 |a магнитные свойства 
610 1 |a электрические свойства 
610 1 |a теплопроводность 
610 1 |a термоэлектрические свойства 
610 1 |a плотность 
610 1 |a учебники 
675 |a 669:53(075.8)  |v 4 
700 1 |a Лившиц  |b Б. Г.  |g Борис Григорьевич 
801 1 |a RU  |b 63413507  |c 20041013  |g PSBO 
801 2 |a RU  |b 63413507  |c 20171128  |g PSBO 
900 |a Механические и физические свойства материалов 
942 |c BK